Quizzes
Events
Quiz Creation
Community
Videos
Private Events
Remove Ads
Sign In
Join for FREE
Feedback
Dark Mode
Quiz Categories
Sports
Geography
Music
Movies
Television
Just For Fun
Miscellaneous
History
Literature
Language
Science
Gaming
Entertainment
Religion
Holiday
For Kids
Quiz Lab
Recent
Popular Today
Quiz Kudos Today
Editor Picks
Curator Picks
Quizzes by...
Day
Popularity
Type
Ratings
Length
Year
Community
Subscriptions
Recent Discussions
Orange Saloon
Badges
Playlists
Quests
Create
Leaderboards
Showdown
Live 5
Trivia Bingo
Activity
Puzzle Library
Sporcle Events
Private Events
Virtual Trivia
Globe League
Become a Host
Pub Owners
SporcleCon
Opinionation
Our Games
Videos
Blog
Mobile Apps
Partnerships
Remove Ads and Go Orange
Feedback
Just For Fun
Clickable
Get the Picture
Humor
Quick Pick
Word Ladder
Missing Word
Mixed Word
Blitz
Minefield
This or That
Alphabet
Color
Typing
Sporcle
Puzzle
Word Play
Follow That Line
Logic
Just For Fun
Clickable
Get the Picture
Humor
Quick Pick
Word Ladder
Missing Word
Mixed Word
Blitz
Minefield
This or That
Alphabet
Color
Typing
Sporcle
Puzzle
Word Play
Follow That Line
Logic
Random Quiz
Search Sporcle
×
Quiz Lab
Quiz Lab
Just For Fun
Word Ladder
Type in answers that appear in a list
Type in answers that appear in a list
Classic
Best Score? Go Orange.
Word Ladder: Word Ladder Stats
Can you find the words in this four letter ladder where all of the words can be formed from the letters 'w-o-r-d-l-a-d-d-e-r'?
By
ninjina
2m
22 Questions
557 Plays
557 Plays
557 Plays
Comments
Comments
Give Quiz Kudos
Give Quiz Kudos
-
- Ratings
hide this ad
Replay
Link that replays current quiz
Next Quiz
Link to next quiz in quiz playlist
You Got
0%
They Got
Avg Score
36%
Avg Friend Score
Upgrade to see
Score Distribution
Jump to the score distribution portion of the page
Score
0/22
Timer
02:00
0
Plays Today
Hint
Word
% Correct
Fill a truck
LOAD
67%
Member of a British House
LORD
61.1%
e.g. Michael Jackson and Heath Ledger
DEAD
55.8%
You can do this with crayons, or cards
DRAW
54.7%
Valley
DALE
48%
What you have to do to these clues
READ
47.3%
Something to be sold
WARE
47.1%
Payment for the unemployed
DOLE
45.8%
This goes places
ROAD
41.5%
Stand on back legs
REAR
38.4%
Madrid, or Sociedad
REAL
38.2%
Hint
Word
% Correct
Type of devil
DARE
38%
Obsolete word meaning feared
DRAD
33.2%
Data's brother
LORE
29%
Past tense of rung 13
WORE
27.2%
Present tense of rung 6
WEAR
25.5%
Pokemon move to end a battle
ROAR
25.4%
Richness
WEAL
20.7%
Dungeons & Dragons dark elf
DROW
18.7%
In a line
AROW
15.2%
Yankees player
A-ROD
13%
No, in Hawaii
'A'OLE
12%
Quiz Playlist
Details
Report
Send in Message
Add To Playlist
Classic:
Type in answers that appear in a list
Last Updated: May 22, 2018
Quiz Scoreboard
CHALLENGE
Sign Up to Join the Scoreboard
Show All
Scores
Hide
Comments
May contain spoilers
Recently Published
One Thing in Common: World Cities II
by knightlancer
Geography
7m
Popular People in 1961
by mucciniale
History
6m
1-10 Letter E Words III
by El_Dandy
Language
2m
More to Explore
Quiz From the Vault
Featured Blog Post
Where Did the Easter Bunny Come From?
hide this ad
You Might Also Like...
Tags
Word Ladder Quiz
Today's Top Quizzes in Just For Fun
Browse Just For Fun
hide this ad
Today's Top Quizzes in Word Ladder
Browse Word Ladder
Top Contributed Quizzes in Just For Fun
1
Harry Potter Logic - 'In Chains' II
2
Survivor Winners Logic Puzzle
3
Crossword Whiteout! 49
4
Letter's Position in the Alphabet Blitz
5
Thermometer Puzzle 25
6
Aquarium Logic Puzzle 17
7
Big Thermometer Puzzle 21
8
Clickable 1 to 100 Minefield
9
K-Pop Idol Olympics Logic Quiz II
10
Tapa Puzzle
Explore More
Trending Topics
Marvel
Harry Potter
NBA
Crossword
Anime
Disney
Kpop
Country
Pokémon
WWE
NFL
Puzzle
Soccer
Song
The Office
hide this ad
More By:
ninjina
Quiz
Plays
Rating
Category
Featured
Created
Language Wars
129,318
3.53
Just For Fun
Aug 16, 2013
Land Animals: Real or Fake?
106,354
4.45
Science
Apr 27, 2012
Aquatic Animals: Real or Fake?
67,584
4.43
Science
Apr 10, 2012
Word Ladder: Anagram/Nag a Ram
47,017
3.87
Just For Fun
Sep 6, 2011
Word Ladder: Inverted Words
35,846
4.47
Just For Fun
Sep 8, 2011
Go to Creator's Profile
Score Distribution
Quiz Creator Spotlight
ninjina
Follow
Send a Message
Quizzes Created
-
Created Quiz Play Count
-
More By This Creator
Popular Quizzes Today
1
Find the US States - No Outlines Minefield
2
The Countries of the World
3
Find the Countries of Europe - No Outlines Minefield
4
Popular People in 1961
5
1-10 Letter E Words III
6
Find the US States
7
One Thing in Common: World Cities II
8
US States
More Just For Fun Quizzes
Movie by Letter
Quiz Lab
Trending Quizzes
Risky Map Clicking: Least Populous States A-Z
1-10 Letter F Words
1-10 Letter G Words
One Thing in Common: United Kingdom
Risky Map Clicking: Next State Alphabetically
Recently Updated
Leaping Animals
pecheneg
Reality TV Shows (A-Z)
bhenderson79
Rickey Henderson's Hall of Fame Teammates
pecheneg
Champions League XIs: Arsenal
pecheneg
Quick Pick: Celebrities in WWE's Hall of Fame
aduchscher
A-Z Keypad Blitz II
pecheneg
Multiple Oscar Actors
pecheneg
Mystery Phrase Blitz: Oscar 'Best Actors'
pecheneg
F. Scott Fitzgerald Novels
LTH
Pick 3 Villains
ddd62291
Trending Topics
NBA
Disney
Kpop
Anime
Marvel
Crossword
Harry Potter
Puzzle
Soccer
The Office
Pokémon
WWE
NFL
Song
Country
Your Account Isn't Verified!
In order to create a playlist on Sporcle, you need to verify the email address you used during registration. Go to your
Sporcle Settings
to finish the process.
Report this User
Report this user for behavior that violates our
Community Guidelines
.
Details:
Send Report
Go to the Sporcle.com Mobile Site →
Comments